000 00408nam a2200157Ia 4500
008 210719s1987 xx 000 0 und d
020 _a0710211686
041 _aeng
082 _a153.83 DONC
100 _aDONAGAN (Alan)
245 _aChoice the essential element in human action.
260 _aLondon.
_bRoutledge & Kegan Paul.,
_c1987
300 _ax,197
_bHB
365 _cRs
650 _aIntelligence
999 _c213565
_d213565